| 000 | 00526cam a2200181ua 4500 | ||
|---|---|---|---|
| 041 |
_aeng _h |
||
| 082 |
_a621.4022 _bKIR/HE |
||
| 100 | _aKirkpatrictrick, . | ||
| 245 | 0 | 0 |
_aHeat transmission / _cKirkpatrictrick. _hTextual Documents |
| 250 |
_a3 / _b. |
||
| 260 |
_aNew York : _bMcGraw Hill Book Company , _c1960. |
||
| 300 | _a532 ; . | ||
| 440 | 0 |
_aMcGraw Hill Series in Chemical Engineering, _v _x; |
|
| 490 | 0 |
_aMcGraw Hill Series in Chemical Engineering, _v _x; |
|
| 504 | _a | ||
| 942 | _cBK | ||
| 999 |
_c5632 _d5632 |
||